| 000 | 00413 a2200145 4500 | ||
|---|---|---|---|
| 005 | 20250627132103.0 | ||
| 020 | _a0536726701 | ||
| 082 | _a657 LYN | ||
| 100 | _aLYNCH, N.P. | ||
| 245 | _aStudy guide to Financial Accounting: A business Process Approach with Integrated Debits and Credits | ||
| 260 |
_aLondon _bPerson Education, _c2003 |
||
| 300 |
_a221p.: tables _c27cm. |
||
| 700 | _aRUHE,N.C. | ||
| 942 |
_2ddc _cBKS |
||
| 999 |
_c5649 _d5649 |
||